Mary Shelley et Frankenstein : itinéraires romanesques (notice n° 2184362)

détails MARC
000 -LEADER
fixed length control field 01353cam a2200133 4500500
005 - DATE AND TIME OF LATEST TRANSACTION
control field 20260405052321.0
041 ## - LANGUAGE CODE
Language code of text/sound track or separate title fre
042 ## - AUTHENTICATION CODE
Authentication code dc
100 10 - MAIN ENTRY--PERSONAL NAME
Personal name Morvan, Alain
Relator term author
245 00 - TITLE STATEMENT
Title Mary Shelley et Frankenstein : itinéraires romanesques
260 ## - PUBLICATION, DISTRIBUTION, ETC.
Name of publisher, distributor, etc. Presses Universitaires de France,<br/>
Date of publication, distribution, etc. 2005.<br/>
520 ## - SUMMARY, ETC.
Summary, etc. «Mary Shelley, sensible et imaginative, pose et recompose dans ses livres et dans ses histoires les épreuves de sa propre vie.» Ainsi est posé par Alain Morvan le cadre dela biographie de Mary Shelley, victime, elle et ses autres écrits, de l’immense succès de Frankenstein. L’un des buts de l’ouvrage, précise A. Morvan, est donc de compléter l’image de Mary Shelley écrivain, d’élargir la perception de son œuvre, de voir dans le célèbre conte autre chose qu’une simple histoire d’horreur, de comprendre la personnalité de la compagne du poète Percy Bysshe Shelley. Ses parents, eux-mêmes écrivains, ont eu une influence déterminante sur la formation de Mary Shelley,étant à la fois des modèles et des rivaux, d’autant que sa mère disparaît peu après sa naissance. Mary Shelley vit pour écrire, ses écrits ne sont pas que des pures fictions.
856 41 - ELECTRONIC LOCATION AND ACCESS
Uniform Resource Identifier <a href="https://shs.cairn.info/mary-shelley-et-frankenstein-itineraires-romanesques--9782130535508?lang=fr&redirect-ssocas=7080">https://shs.cairn.info/mary-shelley-et-frankenstein-itineraires-romanesques--9782130535508?lang=fr&redirect-ssocas=7080</a>

Pas d'exemplaire disponible.

PLUDOC

PLUDOC est la plateforme unique et centralisée de gestion des bibliothèques physiques et numériques de Guinée administré par le CEDUST. Elle est la plus grande base de données de ressources documentaires pour les Étudiants, Enseignants chercheurs et Chercheurs de Guinée.

Adresse

627 919 101/664 919 101

25 boulevard du commerce
Kaloum, Conakry, Guinée

Réseaux sociaux

Powered by Netsen Group @ 2025